[Event "SWE-chT 9899"]
[Site "Sweden"]
[Date "1999.??.??"]
[Round "8"]
[White "Moberg, Karl Johan"]
[Black "Aaberg, Anton"]
[Result "1-0"]
[WhiteElo "2398"]
[BlackElo "2357"]

1.e4 c5 2.Nf3 e6 3.d4 cxd4 4.Nxd4 a6 5.Bd3 Qc7 6.Be3 Nc6 7.Nxc6 bxc6 8.O-O Nf6
9.c4 h5 10.h3 c5 11.Nc3 Bb7 12.f4 h4 13.Rf2 Be7 14.a3 Rd8 15.Rb1 d5 16.cxd5 exd5
17.exd5 Nxd5 18.Nxd5 Rxd5 19.Qc2 O-O 20.Bh7+ Kh8 21.Be4 Rd7 22.Bxb7 Qxb7
23.Bxc5 Rc8 24.b4 Bf6 25.Re2 Rd5 26.Rbe1 Bd4+ 27.Kh1 Qc6 28.Qc4 Bf6 29.Qe4 Qd7
30.Qf3 Rd3 31.Re3 Rd2 32.R3e2 Rd3 33.Qh5+ Kg8 34.Be7 Bd4 35.Qxh4 Rxa3 36.f5 Rd3
37.f6 Bxf6 38.Bxf6 gxf6 39.Re4  1-0

[Event "SWZ-chT"]
[Site "SWZ"]
[Date "1999.??.??"]
[Round "3"]
[White "Umbach, Andreas"]
[Black "Milosevic, Goran"]
[Result "1-0"]
[WhiteElo "2170"]
[BlackElo "2355"]

1.e4 c5 2.Nf3 e6 3.d4 cxd4 4.Nxd4 a6 5.Bd3 Nf6 6.O-O Qc7 7.Qe2 d6 8.c4 g6
9.b3 Bg7 10.Bb2 O-O 11.Nc3 Re8 12.Kh1 Nbd7 13.f4 b6 14.Rad1 Bb7 15.Bb1 Rad8
16.Rfe1 Qb8 17.Qf1 Qa8 18.b4 Rc8 19.Nf3 Red8 20.a3 Qb8 21.Nd4 Re8 22.Nf3 Qc7
23.Ba2 Nh5 24.Nd4 Qb8 25.Nde2 Ndf6 26.Nd4 Qa8 27.Na4 Nxe4 28.Nxb6 Qb8 29.Rxe4 Bxe4
30.Nxc8 Rxc8 31.Bc1 Qb7 32.Be3 Nf6 33.Bb1 h5 34.Bxe4 Qxe4 35.Bg1 h4 36.Re1 Qb7
37.Nf3 h3 38.c5 dxc5 39.Bxc5 Ne4 40.Qc4 hxg2+  1-0

[Event "SWZ-chT"]
[Site "SWZ"]
[Date "1999.??.??"]
[Round "7"]
[White "Huebner, Robert"]
[Black "Gheorghiu, Florin"]
[Result "1/2-1/2"]
[WhiteElo "2585"]
[BlackElo "2450"]

1.e4 c5 2.Nf3 e6 3.d4 cxd4 4.Nxd4 a6 5.Bd3 Nf6 6.O-O d6 7.c4 Bd7 8.Nc3 Nc6
9.Nxc6 Bxc6 10.Qe2 Be7 11.Rd1 Nd7 12.Bf4 Ne5 13.c5 Qb8 14.Bxe5 dxe5 15.b4 O-O
16.Bc4 Rd8 17.Rxd8+  1/2-1/2

[Event "Tampere We HervS I"]
[Site "Tampere"]
[Date "1999.??.??"]
[Round "4"]
[White "Rantanen, Yrjo A"]
[Black "Karttunen, Mika"]
[Result "1-0"]
[WhiteElo "2356"]
[BlackElo "2293"]

1.e4 c5 2.Nf3 e6 3.d4 cxd4 4.Nxd4 a6 5.Bd3 Nf6 6.O-O d6 7.c4 Be7 8.Nc3 O-O
9.Be3 Qc7 10.Rc1 b6 11.f4 Nbd7 12.b4 Re8 13.a3 Bb7 14.g4 Nf8 15.g5 N6d7 16.Nf3 Rac8
17.Qd2 Qb8 18.Qf2 Bd8 19.h4 Bc7 20.Ne2 a5 21.h5 Qa8 22.Nc3 f6 23.Rc2 Re7
24.Qh4 Bd8 25.Bc1 Ba6 26.Nb5 Bxb5 27.cxb5 Rxc2 28.Bxc2 axb4 29.axb4 Qa2 30.Qf2 g6
31.hxg6 Nxg6 32.f5 exf5 33.exf5 Nge5 34.Nd4 Qd5 35.g6 Nf8 36.Bh6  1-0

[Event "Isla de Tenerife op"]
[Site "Tenerife"]
[Date "1999.??.??"]
[Round "4"]
[White "Solana Suarez, Ernesto"]
[Black "Villavicencio, Adalberto"]
[Result "1/2-1/2"]
[WhiteElo "2315"]
[BlackElo "2310"]

1.e4 c5 2.Nf3 e6 3.d4 cxd4 4.Nxd4 a6 5.Bd3 Bc5 6.Nb3 Ba7 7.Qe2 Nc6 8.Be3 d6
9.Bxa7 Rxa7 10.O-O Nf6 11.a4 O-O 12.N1d2  1/2-1/2

[Event "RUS-Cup"]
[Site "Tula "]
[Date "1999.??.??"]
[Round "1"]
[White "Lastin, Alexander"]
[Black "Kostin, Alexey"]
[Result "0-1"]
[WhiteElo "2558"]
[BlackElo "2393"]

1.e4 c5 2.Nf3 e6 3.d4 cxd4 4.Nxd4 a6 5.Bd3 Bc5 6.Nb3 Ba7 7.Nc3 d6 8.Bf4 e5
9.Bg3 h5 10.h4 Be6 11.Qd2 Nf6 12.O-O-O Nc6 13.f4 Ng4 14.Rhe1 Rc8 15.Kb1 Nd4
16.Nd5 O-O 17.Nc1 f5 18.Nc3 Qa5 19.exf5 Nxf5 20.Bxf5 Bxf5 21.Nb3 Qb4 22.fxe5 dxe5
23.Bxe5 Nxe5 24.Rxe5 Bg6 25.Qd5+ Bf7 26.Qd3 Qxh4 27.Nd5 Rfe8 28.g3 Rxe5 29.gxh4 Rxd5
30.Qf3 Rxd1+ 31.Qxd1 Bg6 32.Qd5+ Kh7 33.a4 Rxc2 34.Ka1 Bf2 35.Qh1 Rc4 36.Nc1 Rxa4+
37.Na2 Re4 38.Nc1 Re1 39.Qf3 Be3 40.Ka2 Bxc1  0-1

[Event "RUS-Cup"]
[Site "Tula "]
[Date "1999.??.??"]
[Round "2"]
[White "Lobzhanidze, Davit"]
[Black "Yemelin, Vasily"]
[Result "1/2-1/2"]
[WhiteElo "2452"]
[BlackElo "2550"]

1.e4 c5 2.Nf3 e6 3.d4 cxd4 4.Nxd4 a6 5.Bd3 Nf6 6.O-O d6 7.c4 Bd7 8.Nc3 Nc6
9.Nxc6 Bxc6 10.Qe2 Be7 11.b3 O-O 12.Bb2 Qa5 13.f4 Qh5 14.Qxh5 Nxh5 15.Rad1 Nf6
16.Ba3 Rfe8 17.Bb1 Rad8 18.Rd2 e5 19.f5 Rd7 20.h3 b5 21.cxb5 axb5 22.Rfd1 Red8
23.Kf2 Kf8 24.g4 d5 25.Bxe7+ Kxe7 26.exd5 b4 27.Ne4 Rxd5 28.Rxd5 Nxd5 29.Nc5 Ra8
30.Na4 Nf4 31.Nb6 Rb8 32.Nc4 f6 33.h4 Bb5 34.Be4 Rc8 35.Ne3 Rc3 36.Rd2 h5
37.gxh5 Nh3+ 38.Kf3 Be8 39.Rd3 Bxh5+ 40.Kg3 Rxd3 41.Bxd3 Nf4 42.Bc4 Kd6 43.Nc2 Kc5
44.a3 bxa3 45.Nxa3 Bd1 46.Nb1 Bc2 47.Nc3 Bxf5 48.Kf3 Kb4 49.Na2+ Ka3 50.Nc3 Bc2
51.Nb5+ Kb4 52.Nd6 f5 53.Nf7 Ng6 54.h5 Bd1+ 55.Be2 e4+ 56.Ke3 Bxe2 57.hxg6 Bh5
58.Ng5 Bxg6 59.Ne6 Kc3 60.b4 Kc4 61.b5 Kxb5 62.Nxg7 f4+ 63.Kxf4 Kc4 64.Ne6 Kd5  1/2-1/2

[Event "RUS-Cup"]
[Site "Tula "]
[Date "1999.??.??"]
[Round "4"]
[White "Kostenko, Petr"]
[Black "Yemelin, Vasily"]
[Result "1/2-1/2"]
[WhiteElo "2468"]
[BlackElo "2550"]

1.e4 c5 2.Nf3 e6 3.d4 cxd4 4.Nxd4 a6 5.Bd3 Nf6 6.O-O d6 7.c4 Bd7 8.Nc3 Nc6
9.Be3 Be7 10.Re1 O-O 11.Bf1 Nxd4 12.Bxd4 Bc6 13.f3 Re8 14.b4 Qb8 15.b5 Bd7
16.Na4 Bd8 17.Nb6 e5 18.Bf2 Bxb6 19.Bxb6 Rc8 20.bxa6 bxa6 21.Rb1 Rc6 22.c5 dxc5
23.Bxc5 Qc7 24.Be3 Ne8 25.Rc1 Rxc1 26.Qxc1 Bb5 27.Qxc7 Nxc7 28.Rc1 Ne6 29.Bc4 Rc8
30.Bxe6 Rxc1+ 31.Bxc1 fxe6 32.Bb2 Kf7 33.Bxe5 h5 34.Kf2 g6 35.Ke3 Bc4 36.a3 Bf1
37.g3 Bg2 38.Kf2 Bh1 39.a4 Ke7 40.a5 Ke8 41.Ke3 Kf8 42.g4 hxg4 43.fxg4 Kf7
44.Kf4 Bg2 45.h4 Bf1  1/2-1/2

[Event "RUS-ch sf"]
[Site "Ufa"]
[Date "1999.??.??"]
[Round "4"]
[White "Varavin, Viktor"]
[Black "Davydov, Sergey P"]
[Result "1-0"]
[WhiteElo "2406"]
[BlackElo "2320"]

1.e4 c5 2.Nf3 e6 3.d4 cxd4 4.Nxd4 a6 5.Bd3 Nf6 6.O-O Qc7 7.Qe2 d6 8.c4 Nc6
9.Nxc6 bxc6 10.f4 e5 11.Nc3 Be7 12.Kh1 exf4 13.Bxf4 Nd7 14.Na4 Ne5 15.Rac1 Qa5
16.b3 O-O 17.c5 Bg4 18.Qe3 Nxd3 19.Qxd3 dxc5 20.Qg3 f5 21.h3 Bh5 22.Bh6 Rf7
23.Rxf5 Bg6 24.Rxf7 Kxf7 25.Rf1+ Kg8 26.Qe5 Bf6 27.Rxf6 Qe1+ 28.Kh2 gxh6
29.Nxc5 Qb4 30.Rxc6  1-0

[Event "RUS-ch sf"]
[Site "Ufa"]
[Date "1999.??.??"]
[Round "10"]
[White "Filipenko, Alexander V"]
[Black "Chuprov, Dmitry"]
[Result "0-1"]
[WhiteElo "2360"]
[BlackElo "2400"]

1.e4 c5 2.Nf3 e6 3.d4 cxd4 4.Nxd4 a6 5.Bd3 Nf6 6.O-O d6 7.c4 Be7 8.Nc3 Qc7
9.Be3 Nbd7 10.f4 g6 11.Nb3 b6 12.a4 O-O 13.a5 bxa5 14.Nxa5 Rb8 15.Ra2 Re8
16.Bc2 Nb6 17.Qe2 Bd7 18.Bd3 e5 19.Nd5 Nbxd5 20.cxd5 exf4 21.Rc1 Qd8 22.Nc6 Bxc6
23.dxc6 fxe3 24.c7 Rc8 25.Qc2 Qd7 26.Bxa6 Qe6 27.Bxc8 Rxc8 28.b4 Kg7 29.b5 Rxc7
30.Qxc7 Qxa2 31.Qc2 Qa5 32.Qb2 Bd8 33.Kf1 Qd2 34.Qxd2 exd2 35.Ra1 Nxe4 36.Ke2 Bf6
37.b6 Bxa1 38.b7 Bc3 39.b8=Q Nf2  0-1

[Event "JUG-chT"]
[Site "Vrnjacka Banja"]
[Date "1999.??.??"]
[Round "3"]
[White "Matulovic, Milan"]
[Black "Pikula, Dejan"]
[Result "1/2-1/2"]
[WhiteElo "2418"]
[BlackElo "2480"]

1.e4 c5 2.Nf3 e6 3.d4 cxd4 4.Nxd4 a6 5.Bd3 Qb6 6.c3 Qc7 7.O-O Nf6 8.Qe2 d6
9.c4 Nbd7 10.Nc3 g6 11.f4 Bg7 12.Nf3 O-O 13.Kh1 b6 14.Bd2 Bb7 15.Rac1 Rad8
16.Bb1 Qb8 17.b3 Qa8 18.Rfe1 Nc5 19.b4 Ncd7 20.a3 Rc8 21.Bd3 Rfd8 22.Qf2 Rc7
23.h3 Rdc8 24.e5 dxe5 25.Nxe5 Rd8 26.Bf1 Ne4 27.Nxe4 Bxe4 28.Be3  1/2-1/2

[Event "JUG-chT (Women)"]
[Site "Vrnjacka Banja"]
[Date "1999.??.??"]
[Round "7"]
[White "Nikolin, Zorica"]
[Black "Otovic, Ljiljana"]
[Result "0-1"]
[WhiteElo "2209"]
[BlackElo "2046"]

1.e4 c5 2.Nf3 e6 3.d4 cxd4 4.Nxd4 a6 5.Bd3 Bc5 6.Nb3 Ba7 7.Qe2 d6 8.Be3 Nf6
9.Bxa7 Rxa7 10.Nc3 O-O 11.O-O Nbd7 12.Rad1 Qc7 13.Qe3 b6 14.f4 Re8 15.Kh1 Ra8
16.Be2 Re7 17.Bf3 Rb8 18.g4 b5 19.g5 Ne8 20.Nd4 Bb7 21.Nce2 Nb6 22.b3 g6
23.h4 e5 24.fxe5 dxe5 25.Nf5 gxf5 26.exf5 Bxf3+ 27.Rxf3 Qxc2 28.Rc1 Qb2 29.h5 Nd5
30.Qe4 Rd7 31.Rg1 Nf4 32.Nxf4 exf4 33.Qxf4 Rbd8  0-1

[Event "JUG-chT"]
[Site "Vrnjacka Banja"]
[Date "1999.??.??"]
[Round "10"]
[White "Marinkovic, Slavisa"]
[Black "Pikula, Dejan"]
[Result "1/2-1/2"]
[WhiteElo "2449"]
[BlackElo "2480"]

1.e4 c5 2.Nf3 e6 3.d4 cxd4 4.Nxd4 a6 5.Bd3 Bc5 6.Nb3 Be7 7.O-O d6 8.Be3 Nf6
9.c4 Nbd7 10.f4 b6 11.Nc3  1/2-1/2

[Event "Hilton Open"]
[Site "Basel SUI"]
[Date "2000.01.02"]
[Round "4"]
[White "Svendsen,T"]
[Black "Kustar,S"]
[Result "0-1"]
[WhiteElo "2104"]
[BlackElo "2425"]

1.e4 c5 2.Nf3 e6 3.d4 cxd4 4.Nxd4 a6 5.Bd3 g6 6.c4 Bg7 7.Be3 Nf6 8.Nc3 d6
9.O-O Nbd7 10.f4 O-O 11.f5 exf5 12.exf5 Re8 13.Bf2 Ne5 14.Be2 Bd7 15.Kh1 Rc8
16.fxg6 hxg6 17.Bh4 Nxc4 18.Bxc4 Rxc4 19.Nd5 Nxd5 20.Bxd8 Rxd4 21.Qf3 Rxd8
22.Qxf7+ Kh7 23.Rad1 Rxd1 24.Rxd1 Bc6 25.Rd3 Nf6 26.Rh3+ Nh5 27.Kg1 Rf8 28.Qc7 Rf4
29.Re3 Kh6 30.g3 Rf5 31.Rd3 Nf6 32.g4 Nxg4 33.Rh3+ Rh5 34.Rxh5+ gxh5 35.Qxd6+ Kg5
36.Qd2+ Kf5 37.Qd3+ Kf4 38.Qd2+ Ke4 39.Qc2+ Ke3 40.Qc1+ Kd3 41.Qd1+ Kc4 42.Qc2+ Kb5
43.Qf5+ Kb6 44.Qxh5 Bd4+ 45.Kf1 Ne3+ 46.Ke1 Bxb2 47.Qg6 Be5 48.Qb1+ Ka7 49.Qd3 Ng2+
50.Kf2 Bxh2 51.Qd4+ Ka8 52.Qh8+ Bb8 53.Qd4  0-1

[Event "Boavista Masters"]
[Site "Porto POR"]
[Date "2000.01.03"]
[Round "7"]
[White "Galego,L"]
[Black "Spraggett,K"]
[Result "1/2-1/2"]
[WhiteElo "2427"]
[BlackElo "2521"]

1.e4 c5 2.Nf3 e6 3.d4 cxd4 4.Nxd4 a6 5.Bd3 Nf6 6.O-O Qc7 7.Qe2 d6 8.c4 Be7
9.b3 O-O 10.Bb2 g6 11.Nc3 Nbd7 12.f4 b6 13.Kh1 Bb7 14.Rae1 Rac8 15.f5 exf5
16.exf5 Ne5 17.fxg6 hxg6 18.Ne4 Nxe4 19.Bxe4 Rfe8 20.Bxb7 Qxb7 21.Nf3 Bf6
22.Nd2 Re6 23.Rxf6 Rxf6 24.Ne4 Re6 25.Nxd6 Qd7 26.Nxc8 Nf3 27.Qxe6 fxe6 28.gxf3 Qd2
29.Rxe6 Qxb2 30.Rxg6+ Kh7 31.Rxb6 Qf2 32.h3 Qxf3+ 33.Kh2 Qe2+ 34.Kh1 Qxa2
35.Kg1 Qe2 36.Rxa6 Qe3+ 37.Kg2 Qe4+ 38.Kg1 Qe3+ 39.Kg2 Qg5+ 40.Kh2 Qf4+  1/2-1/2

[Event "Boavista Masters"]
[Site "Porto POR"]
[Date "2000.01.05"]
[Round "9"]
[White "Mitkov,N"]
[Black "Spraggett,K"]
[Result "1/2-1/2"]
[WhiteElo "2509"]
[BlackElo "2521"]

1.e4 c5 2.Nf3 e6 3.d4 cxd4 4.Nxd4 a6 5.Bd3 Nf6 6.O-O Qc7 7.Nc3 d6 8.f4 g6
9.Nf3 Bg7 10.Qe1 Nbd7 11.Kh1 O-O 12.f5 b5 13.Qh4 Bb7 14.Bh6 Rae8 15.a3 Qc5
16.h3 exf5 17.exf5 Bxh6 18.Qxh6 Qe3 19.Qh4 Nh5 20.Rae1 Qf4 21.Qxf4 Nxf4 22.fxg6 fxg6
23.Kh2 Nxd3 24.Rxe8 Rxe8 25.cxd3 Re3 26.d4 Nb6  1/2-1/2

[Event "107th ch-NZL"]
[Site "Auckland NZL"]
[Date "2000.01.06"]
[Round "9"]
[White "Garbett,P"]
[Black "Barlow,M"]
[Result "1-0"]
[WhiteElo "2360"]
[BlackElo "2155"]

1.e4 c5 2.Nf3 e6 3.d4 cxd4 4.Nxd4 a6 5.Bd3 Nf6 6.O-O Qc7 7.Qe2 d6 8.Kh1 g6
9.c4 Bg7 10.Nc3 O-O 11.Be3 Nc6 12.Rad1 Bd7 13.Nxc6 Bxc6 14.Bd4 Nd7 15.Bxg7 Kxg7
16.Qe3 e5 17.Be2 Rad8 18.Rd2 Rfe8 19.Rfd1 Nf8 20.b4 b6 21.b5 axb5 22.cxb5 Ba8
23.Na4 Ne6 24.Qxb6 Qxb6 25.Nxb6 Bxe4 26.f3 Bb7 27.Rxd6 Nd4 28.Nc4 Rc8 29.Bf1 Nxb5
30.Rb6 Bc6 31.Re1 Red8 32.Nxe5 Nd4 33.Ba6 Rc7 34.Rc1 Rd6 35.h4 f6 36.Nxc6 Rcxc6
37.Rcxc6 Rxc6 38.Rxc6 Nxc6 39.Kg1 Kf8 40.Kf2 Kf7 41.Ke3 Ke6 42.a3 Ke5 43.g4 g5
44.hxg5 fxg5 45.Bb5 Na5 46.Kd3 Kd5 47.Be8 Nb7 48.Bf7+ Ke5 49.Bg8 h6 50.Kc4 Kd6
51.a4  1-0

[Event "VII Anibal Open"]
[Site "Linares ESP"]
[Date "2000.01.08"]
[Round "2"]
[White "Korneev,O"]
[Black "Kovacevic,Sl"]
[Result "1-0"]
[WhiteElo "2615"]
[BlackElo "2404"]

1.e4 c5 2.Nf3 e6 3.d4 cxd4 4.Nxd4 a6 5.Bd3 Nf6 6.O-O d6 7.c4 Bd7 8.Nc3 Nc6
9.Nxc6 Bxc6 10.Qe2 Be7 11.Rd1 Qa5 12.a3 O-O 13.Be3 Rfc8 14.f3 Rab8 15.b4 Qc7
16.Rac1 Be8 17.f4 Ra8 18.Bd4 g6 19.e5 Nh5 20.g3 b6 21.f5 dxe5 22.Bxe5 Qb7
23.g4 Nf6 24.fxe6 fxe6 25.Rf1 Nd7 26.Be4 Qa7 27.Bxa8 Qxa8 28.Bd6 Bf6 29.Rxf6 Nxf6
30.Qxe6+ Bf7 31.Qxf6 Rxc4 32.h3 b5 33.Be5 Qa7+ 34.Kh2 Qf2+ 35.Qxf2  1-0

[Event "VII Anibal Open"]
[Site "Linares ESP"]
[Date "2000.01.09"]
[Round "3"]
[White "Larios Crespo,M"]
[Black "Paragua,M"]
[Result "0-1"]
[WhiteElo "2149"]
[BlackElo "2268"]

1.e4 c5 2.Nf3 e6 3.d4 cxd4 4.Nxd4 a6 5.Bd3 Nf6 6.Nc3 Qc7 7.f4 Bc5 8.Nb3 Bb4
9.Bd2 Bxc3 10.bxc3 d6 11.Qe2 Nbd7 12.O-O b6 13.Rae1 e5 14.g4 h6 15.g5 hxg5
16.fxg5 Nh5 17.Bc4 f6 18.g6 Nf8 19.Bd5 Rb8 20.Bf7+ Kd8 21.Rf5 Bxf5 22.exf5 Qb7
23.Qd3 Kc7 24.Bd5 Qc8 25.Rd1 Qd7 26.Bf3 a5 27.c4 Kd8 28.Be3 Ke7 29.c5 Nxg6
30.fxg6 Rbd8 31.Qd5 Qe6 32.cxd6+ Rxd6 33.Qb7+ Qd7 34.Qxd7+ Kxd7 35.Rxd6+ Kxd6
36.Bxb6 a4 37.Nc5 Nf4 38.Nxa4 f5 39.c4 e4 40.Bd1 Kc6 41.c5 Rh3 42.Ba5 e3
43.Bb4 e2 44.Bc2 Rf3 45.h4 Nd5 46.Bd2 Rf1+ 47.Kh2 Rd1 48.Ba5 Kb5 49.Nc3+ Kxa5
50.Nxe2 Rd2 51.Bxf5 Rxe2+ 52.Kg3 Nf6 53.c6 Kb6 54.Bd7 Rxa2 55.Kf4 Kc7 56.Kf5 Nxd7
57.cxd7 Kxd7 58.h5 Ra5+ 59.Kg4 Ke7  0-1

[Event "VII Anibal Open"]
[Site "Linares ESP"]
[Date "2000.01.09"]
[Round "3"]
[White "Baron Rodriguez,Je"]
[Black "McCarthy,Ji"]
[Result "1-0"]
[WhiteElo "2409"]
[BlackElo "2147"]

1.e4 c5 2.Nf3 e6 3.d4 cxd4 4.Nxd4 a6 5.Bd3 Bc5 6.Nb3 Ba7 7.Nc3 Nc6 8.O-O Nge7
9.Qe2 d6 10.Be3 Bxe3 11.Qxe3 e5 12.Nd5 Nxd5 13.exd5 Ne7 14.c4 O-O 15.f4 exf4
16.Qxf4 Ng6 17.Bxg6 hxg6 18.Nd4 Qb6 19.Qf2 Bd7 20.Rae1 Rae8 21.Rxe8 Bxe8
22.b4 Bd7 23.a3 Qc7 24.Rc1 Re8 25.Qf4 Re5 26.Nf3 Rf5 27.Qd4 Qd8 28.Re1 Kf8
29.c5 Qf6 30.c6 bxc6 31.Qb6 Kg8 32.dxc6 Be6 33.Nd4 Re5 34.Rf1 Qh4 35.Nxe6 Rxe6
36.c7 Re8  1-0

[Event "VII Anibal Open"]
[Site "Linares ESP"]
[Date "2000.01.10"]
[Round "4"]
[White "Karatorossian,D"]
[Black "Kovacevic,Sl"]
[Result "1-0"]
[WhiteElo "2342"]
[BlackElo "2404"]

1.e4 c5 2.Nf3 e6 3.d4 cxd4 4.Nxd4 a6 5.Bd3 Nf6 6.f4 d6 7.Qf3 g6 8.Be3 Bg7
9.Nc3 O-O 10.h3 Nbd7 11.g4 e5 12.Nb3 exf4 13.Qxf4 Ne5 14.O-O-O Be6 15.Be2 Qc7
16.g5 Nfd7 17.h4 b5 18.h5 Rfc8 19.Rd2 Nb6 20.hxg6 hxg6 21.Nd4 Nbc4 22.Bxc4 Nxc4
23.Rdh2 Nxe3 24.Qf6 Bxf6 25.gxf6 d5 26.Rh8+  1-0

[Event "ch-Asia"]
[Site "Udaipur IND"]
[Date "2000.01.11"]
[Round "2"]
[White "Ganguly,S"]
[Black "Kunte,A"]
[Result "1-0"]
[WhiteElo "2440"]
[BlackElo "2487"]

1.e4 c5 2.Nf3 e6 3.d4 cxd4 4.Nxd4 a6 5.Bd3 Qb6 6.Nb3 Qc7 7.O-O Nf6 8.f4 d6
9.Be3 Nbd7 10.c4 b6 11.Qe2 Bb7 12.Nc3 Be7 13.Bd4 Nc5 14.Bc2 O-O 15.Rae1 Rad8
16.Rf3 Rfe8 17.Rh3 g6 18.f5 Nxb3 19.Bxb3 exf5 20.exf5 d5 21.fxg6 fxg6 22.Qe6+ Kg7
23.Nxd5 Bxd5 24.cxd5 Qf4 25.Qxb6 Rd6 26.Qa7 Rd7 27.Bxf6+ Kxf6 28.Re6+ Kg5
29.Qe3 Bc5 30.Qxc5 Rc7 31.Rg3+ Kh6 32.Rf3  1-0

[Event "VII Anibal Open"]
[Site "Linares ESP"]
[Date "2000.01.12"]
[Round "6"]
[White "Hagesaether,H"]
[Black "Galego,L"]
[Result "1-0"]
[WhiteElo "2222"]
[BlackElo "2427"]

1.e4 c5 2.Nf3 e6 3.d4 cxd4 4.Nxd4 a6 5.Bd3 Nc6 6.Nxc6 dxc6 7.Nd2 e5 8.Qh5 Bd6
9.Nc4 Bc7 10.Bg5 Nf6 11.Qh4 h6 12.Ne3 Rg8 13.Bxf6 Qxf6 14.Qxf6 gxf6 15.Ke2 Be6
16.Bc4 Bxc4+ 17.Nxc4 Rg4 18.Nd2 Rxg2 19.Rag1 Rg6 20.Nf3 O-O-O 21.Nh4 Rg5
22.Nf5 Kd7 23.h4 Rxg1 24.Rxg1 Rh8 25.h5 Ke6 26.Rg3 Kd7 27.Rb3 b5 28.Rd3+ Ke6
29.Rc3 Kd7 30.b4 Bb8 31.Rd3+ Kc8 32.Rf3 Kd7 33.Ne3 Ke7 34.Ng4 Bd6 35.c3 Rh7
36.Rf5 Rh8 37.Kf3 a5 38.bxa5 Ra8 39.Rxf6 Rxa5 40.Rxh6 Rxa2 41.Rh8 f5 42.exf5 e4+
43.Kg2 e3 44.Nxe3 Be5 45.Rh6 Bxc3 46.Rxc6 Bd4 47.Kf3 Kd7 48.Rc1 Kd6 49.Rc8 b4
50.Rd8+  1-0

[Event "ch-CRO"]
[Site "Pula CRO"]
[Date "2000.01.12"]
[Round "6"]
[White "Kutuzovic,B"]
[Black "Hulak,K"]
[Result "1-0"]
[WhiteElo "2480"]
[BlackElo "2493"]

1.e4 c5 2.Nf3 e6 3.d4 cxd4 4.Nxd4 a6 5.Bd3 Nf6 6.O-O d6 7.c4 Nbd7 8.Nc3 b6
9.Qe2 Bb7 10.b3 g6 11.Bb2 Bg7 12.Rad1 O-O 13.Bb1 Qc7 14.Qd2 Rad8 15.Rfe1 Rfe8
16.h3 Qb8 17.Nf3 Bf8 18.Qf4 Nh5 19.Qd2 Ba8 20.a4 Nhf6 21.Bc2 Bb7 22.Qf4 Rc8
23.Bb1 Be7 24.Qh6 Bc6 25.Nd4 Ba8 26.Nf3 Red8 27.Qf4 Ne5 28.Qe3 Nfd7 29.Nd4 Nf6
30.Kh1 Bf8 31.Nde2 Bg7 32.f4 Nc6 33.Ba3 Bf8 34.Rd2 Na5 35.Ba2 b5 36.axb5 axb5
37.cxb5 Qb7 38.Bb4 Nc6 39.Ba3 Ne7 40.Bb1 d5 41.Red1 Re8 42.Bxe7 Bxe7 43.e5 Bc5
44.Nd4 Ne4 45.Bxe4 dxe4 46.Na4 Bb4 47.Rc2 Rxc2 48.Nxc2 Qxb5 49.Nxb4 Qxb4
50.Nb6 Bc6 51.Rd6 Qb5 52.Nc4 Ra8 53.Kh2 Bd5 54.Nb6 Rb8 55.Nd7 Qd3 56.Nf6+ Kg7
57.Qe1 h6 58.Qh4 Rf8 59.Nxd5 exd5 60.Qf6+ Kg8 61.e6 e3 62.Rd8 Rxd8 63.Qxf7+ Kh8
64.Qf6+  1-0

[Event "VII Anibal Open"]
[Site "Linares ESP"]
[Date "2000.01.14"]
[Round "8"]
[White "Fernandez Romero,Ern"]
[Black "Mateo,Ra"]
[Result "1-0"]
[WhiteElo "2214"]
[BlackElo "2425"]

1.e4 c5 2.Nf3 e6 3.d4 cxd4 4.Nxd4 a6 5.Bd3 Nf6 6.Qe2 d6 7.O-O Be7 8.Be3 O-O
9.Nd2 b6 10.f4 g6 11.Rae1 Bb7 12.c4 Nbd7 13.Bb1 e5 14.N4b3 exf4 15.Bxf4 Ne5
16.Nf3 Qc7 17.Nbd2 Rac8 18.b3 Rfe8 19.Kh1 Bc6 20.Nd4 Bd7 21.Bg5 Qd8 22.N2f3 Bg4
23.Qd2 Nh5 24.Be3 Bf6 25.Rd1 Bh4 26.Ne2 Re6 27.Ned4 Rf6 28.Nxh4 Rxf1+ 29.Rxf1 Qxh4
30.Kg1 Qe7 31.Qf2 Bd7 32.h3 b5 33.cxb5 Bxb5 34.Nxb5 axb5 35.Rc1 Rxc1+ 36.Bxc1 Qc7
37.Be3 Kg7 38.a4 bxa4 39.bxa4 Qa5 40.Bc2 Nf6 41.Qd2 Qa6 42.Bd4 Nfd7 43.a5 Kf8
44.Bd1 Qc6 45.Be2 Ke7 46.a6 Qa4 47.a7 Qc6 48.Qa2 Qa8 49.Qd5 Nc6 50.Kh2 Nf6
51.Bxf6+ Kxf6 52.Bb5  1-0

[Event "ch-CRO"]
[Site "Pula CRO"]
[Date "2000.01.14"]
[Round "8"]
[White "Krstic,U"]
[Black "Hulak,K"]
[Result "0-1"]
[WhiteElo "2308"]
[BlackElo "2493"]

1.e4 c5 2.Nf3 e6 3.d4 cxd4 4.Nxd4 a6 5.Bd3 Bc5 6.Nb3 Ba7 7.Qe2 Nc6 8.Be3 d6
9.Nc3 Nf6 10.Bxa7 Rxa7 11.f4 e5 12.f5 b5 13.O-O-O h5 14.Kb1 Re7 15.Rhf1 Nd4
16.Qe3 Nxb3 17.cxb3 Bb7 18.b4 Rc7 19.Bc2 Rc4 20.Bb3 Rxb4 21.Bd5 Bxd5 22.Nxd5 Nxd5
23.Rxd5 Qh4 24.Rxd6 Rxe4 25.Qd2 O-O 26.Rxa6 Rd4 27.Qe2 Rfd8 28.g3 Qg5 29.a3 Rd2
30.Qxe5 Rxh2 31.Rb6 Qd2 32.Qxb5 Rg2 33.a4 Rxg3 34.Rc1 Rgd3 35.Qb4 Qf2 36.a5 Qxf5
37.Ka2 R3d5 38.a6 Ra5+ 39.Kb3  0-1

[Event "Troll Masters"]
[Site "Gausdal NOR"]
[Date "2000.01.15"]
[Round "8"]
[White "Kulaots,K"]
[Black "Bellin,J"]
[Result "1/2-1/2"]
[WhiteElo "2478"]
[BlackElo "2163"]

1.e4 c5 2.Nf3 e6 3.d4 cxd4 4.Nxd4 a6 5.Bd3 Nf6 6.O-O Qc7 7.Qe2 d6 8.c4 g6
9.Nc3 Bg7 10.Nf3 Nbd7 11.Rd1 O-O 12.Bf4 Nh5 13.Bg5 Bxc3 14.bxc3 e5 15.Qd2 Nc5
16.Bc2 f6 17.Be3 Rd8 18.Qe2 Be6 19.Rdb1 Rab8 20.Rb4 b6 21.Nd2 Ng7 22.f3 Rb7
23.Bf2 Qf7 24.Rab1 Rdb8 25.Qd1 Ne8 26.Qe2 Kh8 27.a3 Ng7 28.Kh1 Nh5 29.Be3 Qc7
30.Qf2 Qf7 31.Rd1 a5 32.Rbb1 g5 33.g3 Qe7 34.Qe2 Qf7 35.Qf2 Qe7 36.Qe2 Qf7  1/2-1/2

[Event "Troll Masters"]
[Site "Gausdal NOR"]
[Date "2000.01.16"]
[Round "9"]
[White "Rytshagov,M"]
[Black "Miezis,N"]
[Result "1/2-1/2"]
[WhiteElo "2539"]
[BlackElo "2524"]

1.e4 c5 2.Nf3 e6 3.d4 cxd4 4.Nxd4 a6 5.Bd3 Nc6 6.Nxc6 dxc6 7.Nd2 e5 8.Nc4 Be6
9.O-O Bxc4 10.Bxc4 Qxd1 11.Rxd1 Bc5 12.Kf1 Nf6 13.f3 b5 14.Bb3 h6 15.Bd2 Bd4
16.c3 Bc5 17.Be1 Ke7 18.Bg3 Bd6 19.Rd2 Rhd8 20.Rad1 Ne8 21.Bf2 f6 22.g3 Bc7
23.Bc5+ Bd6 24.Be3 Bc7 25.Bc5+ Bd6 26.Be3 Bc7 27.Rxd8 Rxd8 28.Rxd8 Bxd8 29.Ke2 Nd6
30.Kd3 Nb7 31.Bg8 Kd6 32.b4 a5 33.a3 axb4 34.axb4 Be7 35.f4 Kc7 36.Bd2 c5
37.bxc5 Bxc5 38.fxe5 fxe5 39.Bd5 Nd6 40.Be1 Ne8 41.h3 Kd6 42.Bf7 Nc7 43.Ke2 Ne6
44.h4 Ke7 45.Bg6 Nd8 46.Bf5 Nc6 47.Kd3 Kd6 48.g4  1/2-1/2

[Event "1st Fraenkische GM"]
[Site "Pulvermuele GER"]
[Date "2000.01.17"]
[Round "5"]
[White "Hamdouchi,H"]
[Black "Bezold,M"]
[Result "1-0"]
[WhiteElo "2513"]
[BlackElo "2508"]

1.e4 c5 2.Nf3 e6 3.d4 cxd4 4.Nxd4 a6 5.Bd3 Qb6 6.c3 Nc6 7.Nxc6 Qxc6 8.O-O d6
9.a4 Bd7 10.c4 Nf6 11.Nc3 Be7 12.f4 e5 13.Kh1 exf4 14.Nd5 Bd8 15.Rxf4 Be6
16.b4 Nd7 17.Ba3 Qc8 18.Bb2 O-O 19.Qh5 Bxd5 20.exd5 g6 21.Qh6 Ne5 22.Bxg6 hxg6
23.Ra3 Bf6 24.Rxf6 Qg4 25.Raf3 Qe4 26.R6f4 Qe1+ 27.Rf1 Qe2 28.Rg1 f5 29.Bxe5 Qxe5
30.Qxg6+ Qg7 31.Qe6+ Qf7 32.Qxd6 Kh7 33.Rh4+ Kg8 34.Qh6 Qg7 35.Qxg7+ Kxg7
36.a5 Rae8 37.Rf4 Re4 38.Rgf1 Rfe8 39.h3 Kg6 40.d6  1-0

[Event "ch-CRO"]
[Site "Pula CRO"]
[Date "2000.01.18"]
[Round "12"]
[White "Palac,M"]
[Black "Hulak,K"]
[Result "1/2-1/2"]
[WhiteElo "2570"]
[BlackElo "2495"]

1.e4 c5 2.Nf3 e6 3.d4 cxd4 4.Nxd4 a6 5.Bd3 d5 6.exd5 Qxd5 7.O-O Nf6 8.Nc3 Qd8
9.Bf4 Be7 10.Be2 Bd7 11.Bf3 Qb6 12.a4 Nc6 13.Nb3 Nd8 14.a5 Qb4 15.Qd2 O-O
16.Rfd1 Bc6 17.Qe3 Bxf3 18.Rd4 Bc5 19.Rxb4 Bxe3 20.Bxe3 Nd5 21.Nxd5 Bxd5
22.c4 Bc6 23.Nd4 Be4 24.f3 Nc6 25.Rb3 Nxd4 26.Bxd4 Bc6 27.Bb6 e5 28.Re3 f6
29.Rd1 h5 30.Kf2 Kf7 31.Red3 Kg6 32.h4 Rae8 33.Rd8 Rxd8 34.Rxd8 Rf7 35.Bc5 Kf5
36.b3 e4 37.fxe4+ Bxe4 38.Rd2 Bc6 39.Kg3 Rc7 40.b4 Rc8 41.Rf2+ Kg6 42.Rf4 Rd8
43.Rd4 Re8 44.Kf2 Kf5 45.Bb6 Kg6 46.Bc7 Rc8 47.Bb6 Re8 48.Bc7 Ba4 49.Bf4 Bb3
50.Bd6  1/2-1/2

[Event "V Ubeda Open"]
[Site "Ubeda ESP"]
[Date "2000.01.21"]
[Round "3"]
[White "Nicholson,JG"]
[Black "Kovacevic,Sl"]
[Result "1/2-1/2"]
[WhiteElo "2193"]
[BlackElo "2415"]

1.e4 c5 2.Nf3 e6 3.d4 cxd4 4.Nxd4 a6 5.Bd3 Nf6 6.O-O d6 7.c4 Bd7 8.Nc3 Nc6
9.Nxc6 Bxc6 10.b3 Be7 11.Bb2 O-O 12.Qe2 Qa5 13.Rad1 Rfd8 14.Nd5 Bxd5 15.exd5 e5
16.a3 Qc7 17.b4 Re8 18.Bc2 Rac8 19.Ba4 Red8 20.c5 dxc5 21.Bxe5 Qb6 22.d6 Bxd6
23.Bxf6 gxf6 24.Bd7 Rc7 25.Bf5 cxb4 26.Qh5 Rc4 27.Qxh7+ Kf8 28.Qh6+ Ke7 29.Qe3+ Kf8
30.Qh6+ Ke7 31.Qe3+ Kf8  1/2-1/2

[Event "V Ubeda Open"]
[Site "Ubeda ESP"]
[Date "2000.01.23"]
[Round "5"]
[White "Dolmatov,S"]
[Black "Kovacevic,Sl"]
[Result "1/2-1/2"]
[WhiteElo "2615"]
[BlackElo "2415"]

1.e4 c5 2.Nf3 e6 3.d4 cxd4 4.Nxd4 a6 5.Bd3 Nf6 6.O-O d6 7.c4 Bd7 8.Nc3 Nc6
9.Nxc6 Bxc6 10.Qe2 Be7 11.Rd1 Qa5 12.Bf4 O-O 13.a3 Rfe8 14.h3 Qh5 15.Qe3 Nd7
16.Be2 Qc5 17.Qg3 Qb6 18.b4 Nf6 19.Bxd6 Bxe4 20.Be5 Bg6 21.c5 Qa7 22.Qe3 Bc2
23.Rd2 Bb3 24.Nb5 axb5 25.Qxb3 Qa4 26.Qxa4 bxa4 27.Bf3 Nd5 28.Bxd5 exd5 29.Rxd5 Rad8
30.Rad1 Rxd5 31.Rxd5 Rd8 32.Rxd8+ Bxd8 33.b5 f6 34.Bb8 Be7 35.c6 bxc6 36.bxc6  1/2-1/2